Panovníci českých zemí a jejich roky vlády - Statistics

General Stats
  • This quiz has been taken 88 times
  • The average score is 10 of 100
Answer Stats
Groups Panovníci českých zemí a jejich roky vlády % Correct
mýtičtí Češi praotec Čech
95%
mýtičtí Přemyslovci Přemysl Oráč
68%
mýtičtí Češi Krok
53%
mýtičtí Češi Libuše
47%
prezidenti Antonín Novotný (1957-1968)
16%
prezidenti Antonín Zápotocký (1953-1957)
16%
prezidenti Edvard Beneš (1935-1938)
16%
prezidenti Edvard Beneš (1945-1948)
16%
prezidenti Emil Hácha (1938-1945)
16%
Wittelsbachové Fridrich Falcký (1619-1620)
16%
prezidenti Gustav Husák (1975-1989)
16%
Lucemburkové Jan Lucemburský (1310-1346)
16%
Lucemburkové Karel IV. (1346-1378)
16%
prezidenti Klement Gottwald (1948-1953)
16%
prezidenti Ludvík Svoboda (1968-1975)
16%
prezidenti Miloš Zeman (2013-2023)
16%
prezidenti Petr Pavel (2023-???)
16%
prezidenti Václav Havel (1989-2003)
16%
Přemyslovci 2 Václav II. (1278-1305)
16%
Přemyslovci 2 Václav III. (1305-1306)
16%
Lucemburkové Václav IV. (1378-1419)
16%
prezidenti Václav Klaus (2003-2013)
16%
Lucemburkové Zikmund Lucemburský (1419-1437)
16%
Habsburkové 2 Albrecht II. Habsburský (1437-1439)
11%
Habsburko-Lotrinkové Ferdinand V. Dobrotivý (1835-1848)
11%
Habsburko-Lotrinkové František Josef I. (1848-1916)
11%
Menhardovci Jindřich Korutanský (1306)
11%
Menhardovci 2 Jindřich Korutanský (1307-1310)
11%
Habsburko-Lotrinkové Josef II. (1780-1790)
11%
Habsburko-Lotrinkové Karel I. (1916-1918)
11%
Habsburkové 4 Karel VI. (1711-1740)
11%
Habsburko-Lotrinkové Leopold II. (1790-1792)
11%
Habsburkové 4 Marie Terezie (1740-1780)
11%
Přemyslovci 2 Přemysl Otakar I. (1197-1230)
11%
Přemyslovci 2 Přemysl Otakar II. (1253-1278)
11%
Habsburkové Rudolf Habsburský (1306-1307)
11%
prezidenti Tomáš Garrigue Masaryk (1918-1935)
11%
Přemyslovci 2 Václav I. (1230-1253)
11%
Přemyslovci 2 Bedřich (1172-1173)
5%
Přemyslovci 2 Bedřich (1178-1189)
5%
Piastovci Boleslav Chrabrý (1003-1004)
5%
Přemyslovci Boleslav I. (935-972)
5%
Přemyslovci Boleslav II. (972-999)
5%
Přemyslovci Boleslav III. Ryšavý (1003)
5%
Přemyslovci Boleslav III. Ryšavý (999-1002)
5%
Přemyslovci Bořivoj I. (872?-883?)
5%
Přemyslovci Bořivoj I. (885?-889?)
5%
Přemyslovci 2 Bořivoj II. (1100-1107)
5%
Přemyslovci 2 Bořivoj II. (1117-1120)
5%
Přemyslovci 2 Břetislav I. (1034-1055)
5%
Přemyslovci 2 Břetislav II. (1092-1100)
5%
Habsburkové 3 Ferdinand I. (1526-1564)
5%
Habsburkové 3 Ferdinand II. (1617-1619)
5%
Habsburkové 4 Ferdinand II. (1620-1637)
5%
Habsburkové 4 Ferdinand III. (1637-1657)
5%
Habsburko-Lotrinkové František I. Rakouský (1792-1835)
5%
mýtičtí Přemyslovci Hostivít
5%
Přemyslovci 2 Jaromír (1004-1012)
5%
Přemyslovci 2 Jaromír (1033-1034)
5%
Přemyslovci 2 Jindřich Břetislav (1193-1197)
5%
páni z Kunštátu Jiří z Poděbrad (1458-1471)
5%
Habsburkové 4 Josef I. (1705-1711)
5%
Přemyslovci 2 Konrád I. Brněnský (1092)
5%
Přemyslovci 2 Konrád II. Ota (1189-1191)
5%
mýtičtí Přemyslovci Křesomysl
5%
Habsburkové 2 Ladislav Pohrobek (1453-1457)
5%
Habsburkové 4 Leopold I. (1657-1705)
5%
Jagellonci Ludvík Jagellonský (1516-1526)
5%
Habsburkové 3 Matyáš II. (1611-1617)
5%
Habsburkové 3 Maxmilián II. (1564-1576)
5%
mýtičtí Přemyslovci Mnata
5%
Mojmírovci Mojmír I. (830?-846)
5%
Mojmírovci Mojmír II. (894-906?)
5%
mýtičtí Přemyslovci Neklan
5%
mýtičtí Přemyslovci Nezamysl
5%
Přemyslovci 2 Oldřich (1012-1033)
5%
Přemyslovci 2 Oldřich (1034)
5%
Přemyslovci 2 Přemysl Otakar I. (1192-1193)
5%
Mojmírovci Rostislav (846-870)
5%
Habsburkové 3 Rudolf II. (1576-1611)
5%
franští kupci Sámo (623-659?)
5%
Přemyslovci 2 Soběslav I. (1125-1140)
5%
Přemyslovci 2 Soběslav II. (1173-1178)
5%
Přemyslovci Spytihněv I. (889?-915)
5%
Přemyslovci 2 Spytihněv II. (1055-1061)
5%
Přemyslovci Strojmír (883?-885?)
5%
Mojmírovci Svatopluk I. (871-894)
5%
Přemyslovci 2 Svatopluk Olomoucký (1107-1109)
5%
Přemyslovci svatý Václav (921-935)
5%
Přemyslovci 2 Václav II. (1191-1192)
5%
Přemyslovci 2 Vladislav I. (1109-1117)
5%
Přemyslovci 2 Vladislav I. (1120-1125)
5%
Přemyslovci 2 Vladislav II. (1140-1172)
5%
Jagellonci Vladislav Jagellonský (1471-1516)
5%
Přemyslovci 2 Vladislav Jindřich (1197)
5%
Přemyslovci Vladivoj (1002-1003)
5%
mýtičtí Přemyslovci Vnislav
5%
mýtičtí Přemyslovci Vojen
5%
Přemyslovci Vratislav I. (915-921)
5%
Přemyslovci 2 Vratislav II. (1061-1092)
5%
No matching quizzes found
Score Distribution
Percent of People with Each Score
Percentile by Number Answered
Your Score History
You have not taken this quiz